Paroles : Les Corons - Statistiques

Statistiques générales
  • Ce quiz a été pris 397 fois
  • Le résultat moyen est 191 sur 269
Statistiques - réponses
Paroles % Correct
à
100%
Au
100%
ce
100%
corons
100%
le
100%
Le
100%
les
100%
Les
100%
nord
100%
c'était
99%
La
97%
la
97%
charbon
96%
l'horizon
93%
de
92%
terre
92%
ciel
91%
des
91%
Des
91%
mineurs
91%
fond
90%
hommes
87%
Et
80%
et
80%
c'étaient
76%
Ma
71%
mon
71%
Mon
71%
avait
70%
était
70%
je
70%
Je
70%
père
68%
Y
68%
Il
64%
mère
64%
qui
64%
comme
62%
Que
62%
que
62%
un
62%
du
59%
on
59%
cheveux
57%
en
57%
suis
57%
D'en
56%
pays
56%
ses
56%
si
56%
eux
55%
noire
55%
blancs
54%
bleu
53%
gueule
53%
moi
52%
sur
52%
elle
51%
C'est
50%
dans
50%
yeux
50%
est
49%
parents
49%
bleus
48%
fier
48%
kermesse
48%
sais
48%
Une
48%
étaient
47%
Grâce
47%
Ils
47%
Jean
47%
jour
47%
l'étaient
47%
mes
47%
qu'il
47%
son
47%
voir
47%
Jaurès
46%
campagne
45%
croyais
45%
lui
45%
crois
44%
enfance
44%
cartable
43%
dois
43%
heureuse
43%
lessiveuses
43%
photo
43%
buée
42%
d'un
41%
j'ai
41%
pluie
41%
trou
41%
voyais
41%
contre
40%
joue
40%
avec
39%
bras
39%
ceux
39%
Mais
39%
mouillait
39%
coups
38%
grisou
38%
haut
38%
rentrant
38%
fenêtres
36%
mairie
36%
montagnes
36%
accidents
35%
diamant
35%
leçons
35%
Nos
35%
vin
35%
compris
34%
fosse
34%
rose
34%
semblables
34%
terrils
34%
défaut
33%
J'apprenais
33%
leur
33%
Posé
33%
silicose
33%
36
32%
donnaient
32%
généreux
32%
parlaient
31%
aime
30%
chaque
29%
j'avais
29%
verre
29%
aimaient
26%
métier
23%
Aucun quiz correspondant
Distribution des résultats
% des personnes avec chaque résultat
Percentile par nombre de réponses
Votre historique - résultats
Vous n’avez pas pris ce quiz